00750nam a2200169 a 4500008004100000050001400041100003000055245015000085260002900235300002100264350000900285650001400294650004600308995008700354999001700441952012200458120416s1966 ||||||||||||||||| || u aHD 82 Pro aRobinson, Edward Austin G10aProblems in economic development: proceedings of a conference held by the International Economic Associationcedited by Edward Austin G. Robinson aLondon:bMacmillanc1966 axxi, 625p. : ill a0.00 0aECONOMICS 0aECONOMIC DEVELOPMENT--AFRICA, SUB-SAHARAN D0.00FCBU-MAIN LIBRARY (Kitwe)H1I0.00M1UAVAILABLEZAnnex Low-Usage Collection  c54788d54788 00102lcc4070a001b001cAnnex Low-Usage Collection d2022-11-30l0oHD 82 Prop004669r2022-11-30w2022-11-30y002